Welcome to CU Library Online Public Access Catalogue (OPAC)

Retail power plays; (Record no. 5097)

MARC details
000 -LEADER
fixed length control field 00467nam a22001697a 4500
005 - DATE AND TIME OF LATEST TRANSACTION
control field 20250322145725.0
008 - FIXED-LENGTH DATA ELEMENTS--GENERAL INFORMATION
fixed length control field 250322b |||||||| |||| 00| 0 eng d
020 ## - INTERNATIONAL STANDARD BOOK NUMBER
International Standard Book Number 9780333685273
050 ## - LIBRARY OF CONGRESS CALL NUMBER
Classification number HD69
Item number .B7 WIL
100 ## - MAIN ENTRY--PERSONAL NAME
Personal name Wileman, Andrew
245 ## - TITLE STATEMENT
Title Retail power plays;
Remainder of title from trading to brand leadership
260 ## - PUBLICATION, DISTRIBUTION, ETC.
Place of publication, distribution, etc. Houndmills
Name of publisher, distributor, etc. Macmillan Press Ltd
Date of publication, distribution, etc. c1997
300 ## - PHYSICAL DESCRIPTION
Extent xvi, 280p
500 ## - GENERAL NOTE
General note includes index
700 ## - ADDED ENTRY--PERSONAL NAME
Personal name Jarry, Michael
942 ## - ADDED ENTRY ELEMENTS (KOHA)
Source of classification or shelving scheme Library of Congress Classification
Koha item type Books
Suppress in OPAC No
999 ## -
-- 5097
-- 5097
Holdings
Withdrawn status Lost status Source of classification or shelving scheme Damaged status Not for loan Collection Home library Current library Shelving location Date acquired Total checkouts Full call number Barcode Date last seen Copy number Price effective from Koha item type
    Library of Congress Classification     Non-fiction Undergraduate Library (Christ Temple) Undergraduate Library (Christ Temple) General stacks 03/22/2025   HD69.B7 WIL ulct00001896 03/22/2025 1 03/22/2025 Books
© 2023-2024 Copyright: Central University Libraries. All Rights Reserved | Created by: Mahone Tech Office